000 00298nam a22001337a 4500
008 170830b xxu||||| |||| 00| 0 eng d
020 _a9780534111212
041 _aeng
080 _a070
100 _a39
101 _aMED
245 _aMANIPULATING PUBLIC OPNINION
_cMARGOLIS,M
942 _2udc
_cBK
999 _c25553
_d25553